Statistics for NFL Elite Status

Click here to take the quiz!

General Stats

  • This quiz has been taken 36 times
  • The average score is 51 of 60

Answer Stats

TeamPlayer% Correct
PackersQBAaron Rodgers
100%
RamsRBTodd Gurley III
97%
QBDerek Carr
97%
EaglesQBCarson Wentz
97%
BengalsWRAJ Green
97%
PatriotsQBTom Brady
97%
SaintsQBDrew Brees
97%
WRJulio Jones
97%
ColtsQBAndrew Luck
97%
QBRussel Wilson
97%
WRLarry Fitzgerald
97%
DEJJ Watt
94%
QBAlex Smith
94%
RBEzekiel Elliot
94%
TERob Gronkowski
94%
LionsQBMathew Stafford
94%
WRTY Hilton
94%
RBLeveon Bell
94%
QBDak Prescott
94%
GiantsWROdell Beckham Jr
94%
JaguarsRBLeonard Fournette
91%
TitansQBMarcus Mariota
91%
RedskinsQBKirk Cousins
91%
SteelersWRAntonio Brown
91%
RBDavid Johnson
91%
BuccaneersWRMike Evans
91%
CBRichard Sherman
91%
CowboysWRDez Bryant
88%
LBClay Matthews
88%
BroncosLBVon Miller
88%
WRJulian Edelman
88%
TexansWRDeandre Hopkins
88%
WRJordy Nelson
88%
CardinalsCBPatrick Peterson
88%
VikingsWRSteffon Diggs
88%
CBJosh Norman
88%
SeahawksSEarl Thomas III
85%
LBKhalil Mack
85%
QBDeshaun Watson
82%
FalconsRBDevonta Freeman
82%
ChargersRBMelvin Gordon
82%
RaidersWRAmari Cooper
82%
SEric Berry
82%
ChiefsRBKareem Hunt
82%
CBXavior Rhodes
82%
BillsRBLesean McCoy
82%
PathersLBLuke Kuechly
79%
RavensLBTerrell Suggs
79%
WRTyreek Hill
76%
LBBobby Wagner
76%
DolphinsRBJay Ajayi
73%
DEJason Pierre Paul
70%
WRJarvis Landry
70%
BrownsDEMyles Garrett
70%
BearsRBJordan Howard
70%
RBDemarco Murray
70%
49ersRBCarlos Hyde
58%
WRMicheal Crabtree
55%
RBAdrian Peterson
45%
JetsDELeonard WIlliams
42%

Score Distribution

Percentile by Number Answered

Percent of People with Each Score

Your Score History

You have not taken this quiz